| 000 | 01023cam a22002415a 4500 | ||
|---|---|---|---|
| 001 | 2504404 | ||
| 005 | 20180527103417.0 | ||
| 008 | 920610s1992 dcua frb 101 0 eng d | ||
| 020 | _a0841224773 | ||
| 040 |
_aDLC _cDLC _dDLC _dEG-ScBUE _beng |
||
| 082 | 0 | 4 |
_222 _a660.6 _bHAR |
| 111 | 2 |
_aInternational Biotechnology Symposium and Exposition _n(9th : _d1992 : _cCrystal City, Va.) |
|
| 245 | 1 | 0 |
_aHarnessing biotechnology for the 21st century : _bproceedings of the Ninth International Biotechnology Symposium and Exposition, Crystal City, Virginia, August 16-21, 1992 / _cedited by Michael R. Ladisch, and Arindam Bose. |
| 260 |
_aWashington : _bAmerican Chemical Society, _c1992. |
||
| 300 |
_axxiv, 612 p. : _bill. ; _c26 cm. |
||
| 490 | 0 | _aConference proceedings series | |
| 504 | _aIncludes bibliographical references and index. | ||
| 650 | 7 |
_aBiotechnology _xCongresses. _2BUEsh |
|
| 653 |
_bGGEN _cMay2018 |
||
| 700 | 1 |
_aLadisch, Michael R., _d1950- _eeditor. |
|
| 700 | 1 |
_aBose, Arindam, _d1952- _eeditor. |
|
| 942 | _2ddc | ||
| 999 |
_c26772 _d26744 |
||